[Event "93rd YMCA Summer-A"]
[Site "Warszawa"]
[Date "2011.07.27"]
[Round "1"]
[White "Safanowski, Tomasz"]
[Black "Szewczak, Andrzej"]
[Result "1-0"]
[WhiteElo "1953"]
[BlackElo "2005"]
[Annotator "M"]
[PlyCount "105"]
[EventDate "2011.07.26"]
[EventType "tourn"]
[EventCountry "POL"]
[SourceDate "2011.07.26"]

1. f4 e5 2. fxe5 d6 3. exd6 Bxd6 4. Nf3 g5 5. g3 g4 6. Nh4 Be7 7. Ng2 h5 8. d4
h4 9. Bf4 Nc6 10. d5 Bf6 11. c3 Ne5 12. Nxh4 Rxh4 13. gxh4 Bxh4+ 14. Bg3 Qe7
15. Bg2 Nh6 16. e4 Bd7 17. Qe2 O-O-O 18. Nd2 Kb8 19. O-O-O Bg5 20. Kb1 f6 21.
h4 gxh3 22. Bxh3 Nhg4 23. Bxe5 Nxe5 24. Bxd7 Qxd7 25. Nf3 Bf4 26. Nxe5 Bxe5 27.
Rh4 a5 28. Rdh1 Qg7 29. Qg4 Qf8 30. Qe6 a4 31. d6 Qxd6 32. Qxd6 Rxd6 33. Kc2 b5
34. Rd1 Rxd1 35. Kxd1 a3 36. bxa3 Bxc3 37. Kc2 Be5 38. Kb3 Kb7 39. a4 c6 40.
axb5 cxb5 41. Rh8 Kb6 42. Rd8 Kc6 $11 43. Rd5 Bg3 44. Kc3 Be1+ 45. Kd3 Bg3 46.
Ke3 Be5 47. Kf3 Kb6 48. Kg4 Bc3 49. Kf5 Ka5 50. Rd6 Ka4 51. Rxf6 Ka3 52. Ra6+
Kb2 53. e5 1-0

[Event "93rd YMCA Summer-A"]
[Site "Warszawa"]
[Date "2011.07.26"]
[Round "1"]
[White "Ponceleusz, Bronislaw"]
[Black "Potocki, Karol"]
[Result "0-1"]
[WhiteElo "1911"]
[BlackElo "1919"]
[PlyCount "36"]
[EventDate "2011.07.26"]
[EventType "tourn"]
[EventCountry "POL"]
[SourceDate "2011.07.26"]

1. d4 Nf6 2. Nf3 g6 3. c4 Bg7 4. Nc3 d5 5. cxd5 Nxd5 6. e4 Nxc3 7. bxc3 c5 8.
Rb1 O-O 9. Be2 cxd4 10. cxd4 Qa5+ 11. Qd2 Qc7 12. O-O b6 13. Ba3 Rd8 14. Rbc1
Qd7 15. Rfd1 Bb7 16. Qf4 Na6 17. Bxa6 Bxa6 18. Rc7 Qa4 0-1

[Event "93rd YMCA Summer-A"]
[Site "Warszawa"]
[Date "2011.07.26"]
[Round "1"]
[White "Grabara, Krzysztof"]
[Black "Kadzinski, Wieslaw"]
[Result "1-0"]
[WhiteElo "2016"]
[BlackElo "1976"]
[PlyCount "38"]
[EventDate "2011.07.26"]
[EventType "tourn"]
[EventCountry "POL"]
[SourceDate "2011.07.26"]

1. e4 e5 2. f4 exf4 3. Nf3 g5 4. Bc4 Bg7 5. d4 d6 6. g3 g4 7. Nh4 f3 8. O-O Nc6
9. c3 Nge7 10. Nxf3 gxf3 11. Bxf7+ Kxf7 12. Qxf3+ Bf5 13. exf5 Bf6 14. Qh5+ Kg8
15. Bh6 Qe8 16. Qg4+ Kf7 17. Nd2 Qd7 18. Qh5+ Kg8 19. Ne4 Nd5 1-0

[Event "93rd YMCA Summer-A"]
[Site "Warszawa"]
[Date "2011.08.19"]
[Round "1"]
[White "Szukalski, Antoni"]
[Black "Rzepecka, Dorota"]
[Result "1-0"]
[WhiteElo "1846"]
[BlackElo "1897"]
[PlyCount "49"]
[EventDate "2011.07.26"]
[EventType "tourn"]
[EventCountry "POL"]
[SourceDate "2011.07.26"]

1. e4 e6 2. d4 d5 3. exd5 exd5 4. Nf3 Bd6 5. Bd3 Ne7 6. c3 Bf5 7. Bg5 f6 8. Bh4
Nbc6 9. Qc2 Bxd3 10. Qxd3 Qd7 11. a4 Nf5 12. O-O O-O-O 13. Nbd2 h5 14. Bg3 h4
15. Bxd6 Nxd6 16. b4 g5 17. Nb3 g4 18. Nfd2 Rdg8 19. Nc5 Qf7 20. Rae1 g3 21.
fxg3 Rxg3 22. hxg3 Qg7 23. Ne6 Qg8 24. Rxf6 Qg4 25. Qf3 1-0

[Event "93rd YMCA Summer-A"]
[Site "Warszawa"]
[Date "2011.07.26"]
[Round "1"]
[White "Rozowski, Marcin"]
[Black "Liberadzki, Slawomir"]
[Result "0-1"]
[WhiteElo "1908"]
[BlackElo "2063"]
[PlyCount "66"]
[EventDate "2011.07.26"]
[EventType "tourn"]
[EventCountry "POL"]
[SourceDate "2011.07.26"]

1. e4 c5 2. Nf3 e6 3. d4 cxd4 4. Nxd4 Nc6 5. Nc3 Qc7 6. Be3 a6 7. Bd3 Nf6 8.
O-O Nxd4 9. Bxd4 Bc5 10. Bxc5 Qxc5 11. a4 d6 12. Kh1 e5 13. f4 Be6 14. Qf3 Rd8
15. Rae1 h5 16. Qg3 Kf8 17. h3 h4 18. Qe3 Nh5 19. Qxc5 dxc5 20. f5 Ng3+ 21. Kg1
Nxf1 22. fxe6 Ng3 23. exf7 Kxf7 24. Bc4+ Kg6 25. Bd5 b6 26. Ne2 Nxe2+ 27. Rxe2
Rhf8 28. Re3 Rf6 29. Rc3 Rdf8 30. Bc4 Rf2 31. Bxa6 Rd2 32. g3 Rff2 33. gxh4
Rg2+ 0-1

[Event "93rd YMCA Summer-A"]
[Site "Warszawa"]
[Date "2011.07.28"]
[Round "2"]
[White "Szewczak, Andrzej"]
[Black "Liberadzki, Slawomir"]
[Result "1-0"]
[WhiteElo "2005"]
[BlackElo "2063"]
[PlyCount "105"]
[EventDate "2011.07.26"]
[EventType "tourn"]
[EventCountry "POL"]
[SourceDate "2011.07.26"]

1. e4 c5 2. Nf3 e6 3. d4 cxd4 4. Nxd4 Nc6 5. c4 a6 6. Nxc6 bxc6 7. Nc3 Bb4 8.
Bd2 Nf6 9. e5 Bxc3 10. Bxc3 Ne4 11. Qg4 Nxc3 12. Qxg7 Rf8 13. bxc3 Qa5 14. Qg3
Bb7 15. Qe3 Rg8 16. Rb1 O-O-O 17. c5 Qxa2 18. Rd1 f6 19. exf6 Rdf8 20. Qf4 Rg6
21. Bc4 Qa5 22. Qd4 Qc7 23. O-O Rgxf6 24. g3 e5 25. Qg4 Rg6 26. Qh3 e4 27. Rd4
e3 28. f4 Re8 29. Bf7 e2 30. Bxe8 exf1=Q+ 31. Kxf1 Rg7 32. Qf5 Re7 33. Bh5 Re3
34. Bg4 Re7 35. h4 a5 36. Kf2 Ba6 37. Qf8+ Qd8 38. Qxd8+ Kxd8 39. Ra4 Bc8 40.
Bf5 Rf7 41. Bd3 d6 42. Rxa5 dxc5 43. Rxc5 Kc7 44. Rh5 Kd6 45. Rxh7 Rf8 46. Rh6+
Kc5 47. Rh5+ Kd6 48. Re5 Bg4 49. Be2 Be6 50. h5 Rh8 51. g4 Rf8 52. Kg3 Rg8 53.
Rxe6+ 1-0

[Event "93rd YMCA Summer-A"]
[Site "Warszawa"]
[Date "2011.07.28"]
[Round "2"]
[White "Rzepecka, Dorota"]
[Black "Rozowski, Marcin"]
[Result "1/2-1/2"]
[WhiteElo "1897"]
[BlackElo "1908"]
[PlyCount "103"]
[EventDate "2011.07.26"]
[EventType "tourn"]
[EventCountry "POL"]
[SourceDate "2011.07.26"]

1. e4 c5 2. Nf3 Nc6 3. d4 cxd4 4. Nxd4 Nf6 5. Nc3 e5 6. Ndb5 d6 7. Nd5 Nxd5 8.
exd5 Nb8 9. c4 a6 10. Nc3 Be7 11. Be2 O-O 12. O-O f5 13. f4 e4 14. Be3 Nd7 15.
b4 Bf6 16. Rc1 b6 17. Na4 g5 18. c5 bxc5 19. bxc5 Nxc5 20. Nxc5 dxc5 21. fxg5
Bxg5 22. Bxg5 Qxg5 23. Qb3 Bd7 24. d6+ Kh8 25. Rxc5 Qf6 26. Qc3 Kg7 27. Qxf6+
Kxf6 28. Rc7 Rfd8 29. g4 Ke5 30. Rd1 fxg4 31. Rc5+ Kf6 32. Kf2 Rac8 33. Rc7 Rb8
34. Ke3 Rb2 35. Bxa6 Rxa2 36. Bc4 Rxh2 37. Kxe4 Rf2 38. Kd4 Be6 39. Bxe6 Rxd6+
40. Bd5 Rf5 41. Rf7+ Kg5 42. Rxf5+ Kxf5 43. Rf1+ Kg5 44. Ke5 Rb6 45. Rf5+ Kh4
46. Kf4 Rb4+ 47. Be4 h5 48. Rd5 Rb3 49. Rd1 Rc3 50. Rh1+ Rh3 51. Rg1 Rc3 52.
Rh1+ 1/2-1/2

[Event "93rd YMCA Summer-A"]
[Site "Warszawa"]
[Date "2011.07.28"]
[Round "2"]
[White "Kadzinski, Wieslaw"]
[Black "Szukalski, Antoni"]
[Result "1/2-1/2"]
[WhiteElo "1976"]
[BlackElo "1846"]
[Annotator "M"]
[PlyCount "37"]
[EventDate "2011.07.26"]
[EventType "tourn"]
[EventCountry "POL"]
[SourceDate "2011.07.26"]

1. e4 e5 2. Nf3 Nc6 3. d4 exd4 4. Bc4 Be7 5. c3 d6 6. cxd4 Nf6 7. Nc3 O-O 8.
O-O Bg4 9. Be3 a6 10. a3 Na5 11. Bd3 c5 12. dxc5 dxc5 13. e5 Nd7 14. Qc2 g6 15.
Rad1 Be6 16. Qc1 Nc6 17. Rfe1 Rc8 18. Be4 Qc7 19. Nd5 $11 1/2-1/2

[Event "93rd YMCA Summer-A"]
[Site "Warszawa"]
[Date "2011.07.28"]
[Round "2"]
[White "Potocki, Karol"]
[Black "Grabara, Krzysztof"]
[Result "0-1"]
[WhiteElo "1919"]
[BlackElo "2016"]
[PlyCount "92"]
[EventDate "2011.07.26"]
[EventType "tourn"]
[EventCountry "POL"]
[SourceDate "2011.07.26"]

1. d4 Nf6 2. c4 e6 3. g3 d5 4. Nf3 c6 5. Bg2 Be7 6. O-O O-O 7. Qc2 b6 8. Nbd2
Ba6 9. b3 Nbd7 10. e4 dxc4 11. bxc4 Qc7 12. e5 Ne8 13. Re1 Bb7 14. Qb3 c5 15.
Ba3 Nb8 16. d5 exd5 17. cxd5 c4 18. Nxc4 Bxd5 19. Bxe7 Qxe7 20. Rad1 Bc6 21.
Ne3 Na6 22. Nf5 Qb7 23. N5d4 Bd5 24. Qb1 Nec7 25. Ng5 g6 26. Bxd5 Nxd5 27. Nb5
Nc5 28. Ne4 Ne7 29. Nf6+ Kg7 30. Qc1 Nf5 31. Nd6 Qf3 32. Nxf5+ Qxf5 33. g4 Qf3
34. Re3 Qf4 35. Rde1 h6 36. h3 Rad8 37. Qc3 Ne6 38. Ne4 Rc8 39. Qb2 Rc4 40. Ng3
Rfc8 41. R3e2 Kg8 42. Ne4 Nd4 43. Re3 Nf3+ 44. Rxf3 Qxf3 45. Nf6+ Kg7 46. e6
Qxf6 0-1

[Event "93rd YMCA Summer-A"]
[Site "Warszawa"]
[Date "2011.07.28"]
[Round "2"]
[White "Safanowski, Tomasz"]
[Black "Ponceleusz, Bronislaw"]
[Result "1/2-1/2"]
[WhiteElo "1953"]
[BlackElo "1911"]
[Annotator "M"]
[PlyCount "69"]
[EventDate "2011.07.26"]
[EventType "tourn"]
[EventCountry "POL"]
[SourceDate "2011.07.26"]

1. f4 d5 2. Nf3 g6 3. e3 Bg7 4. Be2 c5 5. d3 Nc6 6. Nc3 d4 7. Ne4 b6 8. O-O Nh6
9. c3 O-O 10. exd4 cxd4 11. c4 Nf5 12. Rb1 a6 13. b4 b5 14. a4 Rb8 15. cxb5
axb5 16. Qc2 Bd7 17. a5 e6 18. Nc5 Nce7 19. g4 Ne3 20. Bxe3 dxe3 21. d4 Bc6 22.
Ne5 Bxe5 23. dxe5 Rc8 24. Rbd1 Nd5 25. g5 Kg7 26. Qb3 h6 27. Ne4 Qe7 28. Nd6
hxg5 29. Rxd5 Bxd5 30. Qxe3 gxf4 31. Qxf4 Rc2 32. Qg4 Qa7+ 33. Rf2 Rc1+ 34. Bf1
Rc2 35. Be2 $11 1/2-1/2

[Event "93rd YMCA Summer-A"]
[Site "Warszawa"]
[Date "2011.08.02"]
[Round "3"]
[White "Ponceleusz, Bronislaw"]
[Black "Szewczak, Andrzej"]
[Result "0-1"]
[WhiteElo "1911"]
[BlackElo "2005"]
[Annotator "M"]
[PlyCount "58"]
[EventDate "2011.07.26"]
[EventType "tourn"]
[EventCountry "POL"]
[SourceDate "2011.07.26"]

1. d4 Nf6 2. c4 g6 3. Nc3 Bg7 4. Bg5 h6 5. Bh4 O-O 6. e3 d6 7. Be2 Nbd7 8. Nf3
c6 9. Nd2 Re8 10. O-O e5 11. dxe5 dxe5 12. Nde4 g5 13. Nxf6+ Nxf6 14. Qxd8 Rxd8
15. Bg3 Ne8 16. Rad1 Bf5 17. e4 Be6 18. f3 b6 19. b3 $11 Nc7 20. Rxd8+ Rxd8 21.
Rd1 Rd7 22. c5 bxc5 23. Na4 Rxd1+ 24. Bxd1 c4 25. b4 Nb5 26. Nc5 Nc3 27. Nxe6
fxe6 28. Bc2 Nxa2 29. Be1 Bf8 0-1

[Event "93rd YMCA Summer-A"]
[Site "Warszawa"]
[Date "2011.08.02"]
[Round "3"]
[White "Grabara, Krzysztof"]
[Black "Safanowski, Tomasz"]
[Result "1/2-1/2"]
[WhiteElo "2016"]
[BlackElo "1953"]
[Annotator "M"]
[PlyCount "167"]
[EventDate "2011.07.26"]
[EventType "tourn"]
[EventCountry "POL"]
[SourceDate "2011.07.26"]

1. e4 d6 2. d4 Nf6 3. Nc3 Nbd7 4. Nge2 e5 5. g3 Be7 6. Bg2 c6 7. O-O O-O 8. h3
b5 9. a3 Bb7 10. Be3 a5 11. Qd2 Qc7 12. f4 Rfe8 13. g4 b4 14. axb4 axb4 15.
Rxa8 Rxa8 16. Nd1 Ra1 17. Ng3 Nb6 18. b3 Ba6 19. Re1 c5 20. dxe5 dxe5 21. g5
Nfd7 22. Nf5 Bf8 23. fxe5 Nxe5 24. c4 Qd7 25. Nf2 Qxd2 26. Bxd2 Rxe1+ 27. Bxe1
Bxc4 28. bxc4 Nbxc4 29. Nd1 Nd3 30. Bf1 Nce5 31. Bxd3 Nxd3 32. Bd2 c4 33. Kf1
c3 34. Nxc3 bxc3 35. Bxc3 Nc5 36. Ng3 Bd6 37. e5 Bc7 38. Ke2 Nd7 39. Ne4 Bxe5
40. Bb4 f5 41. gxf6 gxf6 42. Kf3 Kf7 43. Nf2 f5 44. Nd3 Kg6 45. Be1 Bd6 46. Bf2
Nf8 47. Ne1 Ne6 48. Be3 f4 49. Bf2 Ng5+ 50. Kg2 Kf5 51. Nf3 Ne6 52. Bg1 $11 Bc5
53. Bh2 h6 54. Nd2 Be3 55. Nc4 Nd4 56. Nd6+ Kg5 57. Nf7+ Kf6 58. Nxh6 f3+ 59.
Kg3 Bxh6 60. Bg1 Ne2+ 61. Kxf3 Nxg1+ 62. Kf2 Nxh3+ 63. Kg3 Nf4 64. Kg4 Bg5 65.
Kf3 Kf5 66. Kg3 Bf6 67. Kf3 Bd4 68. Kg3 Bg1 69. Kf3 Bh2 70. Ke3 Ke5 71. Kf3 Kd4
72. Kf2 Ke4 73. Kf1 Kf3 74. Ke1 Bg1 75. Kf1 Be3 76. Ke1 Ne6 77. Kf1 Nd4 78. Ke1
Nb3 79. Kd1 Bd4 80. Ke1 Bg1 81. Kf1 Be3 82. Ke1 Kg2 83. Ke2 Bf4 84. Kd3 1/2-1/2

[Event "93rd YMCA Summer-A"]
[Site "Warszawa"]
[Date "2011.08.02"]
[Round "3"]
[White "Szukalski, Antoni"]
[Black "Potocki, Karol"]
[Result "1-0"]
[WhiteElo "1846"]
[BlackElo "1919"]
[PlyCount "129"]
[EventDate "2011.07.26"]
[EventType "tourn"]
[EventCountry "POL"]
[SourceDate "2011.07.26"]

1. e4 e6 2. d4 d5 3. Nc3 Bb4 4. Qe2 c5 5. Be3 dxe4 6. dxc5 Bxc3+ 7. bxc3 Nc6 8.
Qg4 Nf6 9. Qxg7 Rg8 10. Qh6 Rg6 11. Qh4 Qa5 12. Ne2 Bd7 13. Bg5 Nd5 14. Bd2
Qxc5 15. Qxe4 O-O-O 16. g3 Nf6 17. Qe3 Qd5 18. f3 Qd6 19. Nf4 Rg5 20. Nd3 Ne5
21. Be2 Nxd3+ 22. cxd3 Re5 23. Qf4 Bc6 24. d4 Rxe2+ 25. Kxe2 e5 26. Qf5+ Bd7
27. Qd3 Bc6 28. Bg5 exd4 29. Qf5+ Bd7 30. Qxf6 Re8+ 31. Kf2 Qc5 32. Qxd4 Qxg5
33. Qc4+ Bc6 34. Rhe1 Qd2+ 35. Re2 Rxe2+ 36. Qxe2 Qxc3 37. Re1 h5 38. Qe3 Qc2+
39. Re2 Qf5 40. Kg2 h4 41. Qf4 Qd3 42. Qg4+ Kc7 43. Qf4+ Kc8 44. Qe3 Qg6 45.
Rd2 hxg3 46. hxg3 Qh5 47. Qd3 Qg5 48. Qd4 f5 49. Qh8+ Kc7 50. Qd4 Kc8 51. Qf4
Qh5 52. Re2 Qf7 53. Rd2 Qh5 54. Qe3 Qg6 55. Qe7 Qg8 56. Qe5 Qg5 57. Qe6+ Kc7
58. Qd6+ Kc8 59. Kf2 a6 60. f4 Qg8 61. Qf6 Kc7 62. Qxf5 Qc4 63. Qe5+ Kc8 64.
Qh8+ Kc7 65. Qg7+ 1-0

[Event "93rd YMCA Summer-A"]
[Site "Warszawa"]
[Date "2011.08.02"]
[Round "3"]
[White "Liberadzki, Slawomir"]
[Black "Rzepecka, Dorota"]
[Result "1-0"]
[WhiteElo "2063"]
[BlackElo "1897"]
[PlyCount "85"]
[EventDate "2011.07.26"]
[EventType "tourn"]
[EventCountry "POL"]
[SourceDate "2011.07.26"]

1. e4 e6 2. d4 f5 3. f3 fxe4 4. Nc3 Bb4 5. Be3 Nf6 6. fxe4 O-O 7. Bd3 Nxe4 8.
Nge2 Qh4+ 9. g3 Qg4 10. Bf4 Ng5 11. h3 Nxh3 12. Qd2 g6 13. O-O-O Nf2 14. Rh4
Qf3 15. Bxg6 Nxd1 16. Bxh7+ Kf7 17. Bh6 Ke8 18. Bg6+ Kd8 19. Bxf8 Qxf8 20. Qxd1
c6 21. d5 Be7 22. Rf4 Bg5 23. dxe6 d6 24. Ne4 Bxf4+ 25. Nxf4 Kc7 26. Qd4 Na6
27. Qf6 Qh6 28. Qe7+ Kb6 29. Qxd6 Qh1+ 30. Qd1 Qxd1+ 31. Kxd1 Nc7 32. Bf7 a5
33. g4 a4 34. a3 Nb5 35. g5 Nd4 36. g6 Nf5 37. Nd6 Ng7 38. Nxc8+ Rxc8 39. e7
Kc7 40. Ne6+ Nxe6 41. Bxe6 Re8 42. g7 Rxe7 43. g8=Q 1-0

[Event "93rd YMCA Summer-A"]
[Site "Warszawa"]
[Date "2011.08.31"]
[Round "4"]
[White "Szewczak, Andrzej"]
[Black "Rzepecka, Dorota"]
[Result "0-1"]
[WhiteElo "2005"]
[BlackElo "1897"]
[PlyCount "80"]
[EventDate "2011.07.26"]
[EventType "tourn"]
[EventCountry "POL"]
[SourceDate "2011.07.26"]

1. e4 e6 2. d4 d5 3. exd5 exd5 4. Bd3 Bd6 5. Ne2 Ne7 6. Ng3 Nbc6 7. c3 Be6 8.
Be3 Qd7 9. Qc2 O-O-O 10. Nd2 h6 11. O-O-O f5 12. Nh5 Rhg8 13. Bxh6 Rh8 14. Nxg7
Rxh6 15. g3 Kb8 16. Rde1 Rg8 17. Rxe6 Rxe6 18. Nxf5 Rf6 19. Nxe7 Nxe7 20. f4
Nf5 21. Nf3 Ne3 22. Qb3 c6 23. Re1 Ng4 24. Qc2 Qc7 25. Ne5 Rff8 26. Bf5 Nf6 27.
Re3 c5 28. Be6 Rg7 29. Qd1 cxd4 30. Qxd4 Bc5 31. Qd3 Bxe3+ 32. Qxe3 Qe7 33. f5
Ng4 34. Nxg4 Rxg4 35. Qe5+ Qc7 36. Qxd5 Rd8 37. Qf3 Rgd4 38. f6 Rd1+ 39. Qxd1
Rxd1+ 40. Kxd1 Qd6+ 0-1

[Event "93rd YMCA Summer-A"]
[Site "Warszawa"]
[Date "2011.08.04"]
[Round "4"]
[White "Kadzinski, Wieslaw"]
[Black "Liberadzki, Slawomir"]
[Result "0-1"]
[WhiteElo "1976"]
[BlackElo "2063"]
[Annotator "M"]
[PlyCount "52"]
[EventDate "2011.07.26"]
[EventType "tourn"]
[EventCountry "POL"]
[SourceDate "2011.07.26"]

1. e4 c5 2. Nf3 e6 3. d4 cxd4 4. Nxd4 Nc6 5. Nc3 Qc7 6. Be3 a6 7. Bd3 Nf6 8.
O-O Nxd4 9. Bxd4 Bc5 10. Bxc5 Qxc5 11. Qe2 d6 12. Kh1 e5 13. f4 Bg4 14. Qe1 Be6
15. fxe5 Qxe5 16. Qh4 $11 h6 17. Nd5 Nxd5 18. exd5 Qxd5 19. Be4 Qb5 20. a4 Qd7
21. Rae1 O-O 22. Rf6 Rfe8 23. Re3 Bg4 24. Rxh6 gxh6 25. Qxh6 Rxe4 26. Rxe4 Qf5
0-1

[Event "93rd YMCA Summer-A"]
[Site "Warszawa"]
[Date "2011.08.03"]
[Round "4"]
[White "Potocki, Karol"]
[Black "Rozowski, Marcin"]
[Result "1/2-1/2"]
[WhiteElo "1919"]
[BlackElo "1908"]
[Annotator "M"]
[PlyCount "51"]
[EventDate "2011.07.26"]
[EventType "tourn"]
[EventCountry "POL"]
[SourceDate "2011.07.26"]

1. e4 c6 2. d4 d5 3. Nc3 dxe4 4. Nxe4 Nd7 5. Nf3 Ngf6 6. Nxf6+ Nxf6 7. Ne5 Nd7
8. Nd3 Nf6 9. c3 Bg4 10. Qb3 Qb6 11. Qc2 e6 12. a4 Be7 13. a5 Qc7 14. Bf4 Bd6
15. Bxd6 Qxd6 16. Ne5 Bf5 17. Qa4 Rc8 18. Be2 Be4 19. O-O O-O 20. b4 Nd5 21.
Qb3 Nf4 22. Bf3 Qd5 23. Qd1 f6 24. Re1 Bxf3 25. Nxf3 Rfe8 26. Qc2 $11 1/2-1/2

[Event "93rd YMCA Summer-A"]
[Site "Warszawa"]
[Date "2011.08.04"]
[Round "4"]
[White "Safanowski, Tomasz"]
[Black "Szukalski, Antoni"]
[Result "0-1"]
[WhiteElo "1953"]
[BlackElo "1846"]
[PlyCount "73"]
[EventDate "2011.07.26"]
[EventType "tourn"]
[EventCountry "POL"]
[SourceDate "2011.07.26"]

1. Nf3 Nf6 2. d4 e6 3. e3 d5 4. Bd3 c5 5. O-O Nbd7 6. b3 b6 7. Bb2 Bb7 8. Qe2
Bd6 9. Ne5 O-O 10. f4 Ne4 11. Bxe4 dxe4 12. Nxd7 Qxd7 13. Nd2 Rac8 14. Qg4 f5
15. Qg3 Ba6 16. c4 Rf7 17. Rfd1 Qe7 18. Rac1 Qf8 19. Nb1 Rd8 20. Nc3 cxd4 21.
Rxd4 Bc5 22. Rxd8 Qxd8 23. Rd1 Rd7 24. Rxd7 Qxd7 25. Ne2 b5 26. cxb5 Bxb5 27.
Nd4 Bxd4 28. Bxd4 Qc7 29. h4 a6 30. Kh2 Qf7 31. Qg5 h6 32. Qd8+ Kh7 33. a4 Bd3
34. b4 Qg6 35. Kg1 Qg3 36. Bc5 Qe1+ 37. Kh2 0-1

[Event "93rd YMCA Summer-A"]
[Site "Warszawa"]
[Date "2011.08.04"]
[Round "4"]
[White "Ponceleusz, Bronislaw"]
[Black "Grabara, Krzysztof"]
[Result "1/2-1/2"]
[WhiteElo "1911"]
[BlackElo "2016"]
[Annotator "M"]
[PlyCount "120"]
[EventDate "2011.07.26"]
[EventType "tourn"]
[EventCountry "POL"]
[SourceDate "2011.07.26"]

1. Nf3 d5 2. d4 Nf6 3. c4 c6 4. Qb3 Qb6 5. Nc3 Qxb3 6. axb3 Bf5 7. e3 e6 8. c5
Nbd7 9. b4 Be7 10. b5 O-O 11. bxc6 bxc6 12. Ra6 Ne8 13. Be2 Nb8 14. Ra2 Nc7 15.
O-O Nd7 16. Bd2 Rfb8 17. Rfa1 Rb7 18. b4 Rxb4 19. Rxa7 Rxa7 20. Rxa7 Bd8 21. h3
Rb8 22. Kh2 f6 23. Na4 Ra8 24. Rxa8 Nxa8 25. Ne1 Nb8 26. f3 e5 27. Bd3 Bxd3 28.
Nxd3 exd4 29. exd4 Bc7+ 30. g3 Na6 31. Kg2 Kf7 32. f4 g6 33. Kf3 Bb8 34. g4
N8c7 35. h4 Nb5 36. Ke3 Ke6 37. Nc3 Na3 38. Kf3 Bc7 39. Ne2 Nc4 40. Be1 $11 Bb8
41. Ng3 Na3 42. h5 Nc2 43. Bf2 Kf7 44. hxg6+ hxg6 45. Ne2 Nc7 46. g5 fxg5 47.
Ne5+ Kf6 48. Nd7+ Kf5 49. Nxb8 g4+ 50. Kg3 Nb4 51. Nd7 Ne6 52. Ne5 g5 53. fxg5
Nxg5 54. Be1 Ne4+ 55. Kg2 Nc2 56. Bf2 Nxc5 57. Nxc6 Nd3 58. Ne7+ Ke6 59. Nc6
Nxf2 60. Kxf2 g3+ 1/2-1/2

[Event "93rd YMCA Summer-A"]
[Site "Warszawa"]
[Date "2011.08.24"]
[Round "5"]
[White "Grabara, Krzysztof"]
[Black "Szewczak, Andrzej"]
[Result "1-0"]
[WhiteElo "2016"]
[BlackElo "2005"]
[PlyCount "99"]
[EventDate "2011.07.26"]
[EventType "tourn"]
[EventCountry "POL"]
[SourceDate "2011.07.26"]

1. e4 e6 2. d4 d5 3. exd5 exd5 4. Nf3 Bd6 5. Bd3 Ne7 6. O-O Bf5 7. Re1 O-O 8.
c3 c6 9. Bxf5 Nxf5 10. Qd3 Qf6 11. Bg5 Qg6 12. Nbd2 h6 13. Be3 Nd7 14. c4 Nxe3
15. Qxg6 fxg6 16. fxe3 Bb4 17. Re2 Rae8 18. Rc1 Nb6 19. Ne5 Rxe5 20. dxe5 Bxd2
21. Rxd2 Nxc4 22. Rxc4 dxc4 23. Rd7 b5 24. e6 Re8 25. Rd6 c5 26. Rc6 a6 27. Kf2
Kf8 28. Rxa6 Rc8 29. Kf3 Ke7 30. Ke4 b4 31. Ke5 Rc7 32. Kd5 c3 33. bxc3 c4 34.
Kd4 g5 35. g4 g6 36. h3 Rc8 37. Rb6 b3 38. axb3 cxb3 39. Rxb3 Kxe6 40. Rb6+ Kf7
41. c4 h5 42. gxh5 gxh5 43. Rh6 h4 44. c5 Kg7 45. Re6 Kf7 46. Re4 Rg8 47. c6 g4
48. Rxg4 Rxg4+ 49. hxg4 Ke7 50. Ke4 1-0

[Event "93rd YMCA Summer-A"]
[Site "Warszawa"]
[Date "2011.08.09"]
[Round "5"]
[White "Szukalski, Antoni"]
[Black "Ponceleusz, Bronislaw"]
[Result "1/2-1/2"]
[WhiteElo "1846"]
[BlackElo "1911"]
[PlyCount "48"]
[EventDate "2011.07.26"]
[EventType "tourn"]
[EventCountry "POL"]
[SourceDate "2011.07.26"]

1. e4 c5 2. c3 d5 3. exd5 Qxd5 4. Nf3 Nc6 5. Na3 Bg4 6. Be2 e6 7. Nc2 Nf6 8.
Ne3 Qd7 9. Qa4 Bh5 10. O-O Be7 11. Re1 O-O 12. Nf1 a6 13. Ng3 Bg6 14. Nh4 Bd3
15. Bxd3 Qxd3 16. Nf3 c4 17. Qd1 Rfd8 18. b3 Bc5 19. Qe2 b5 20. Ne4 Nxe4 21.
Qxe4 Rac8 22. bxc4 bxc4 23. Rb1 Rc7 24. Qxd3 cxd3 1/2-1/2

[Event "93rd YMCA Summer-A"]
[Site "Warszawa"]
[Date "2011.08.30"]
[Round "5"]
[White "Rozowski, Marcin"]
[Black "Safanowski, Tomasz"]
[Result "0-1"]
[WhiteElo "1908"]
[BlackElo "1953"]
[PlyCount "68"]
[EventDate "2011.07.26"]
[EventType "tourn"]
[EventCountry "POL"]
[SourceDate "2011.07.26"]

1. e4 e6 2. d4 d5 3. Nc3 Nf6 4. e5 Nfd7 5. f4 c5 6. Nf3 Nc6 7. Be3 cxd4 8. Nxd4
Bc5 9. Qd2 Bxd4 10. Bxd4 Nxd4 11. Qxd4 Qb6 12. Qxb6 Nxb6 13. Bd3 Bd7 14. Ne2
Ke7 15. Nd4 f6 16. Ke2 Be8 17. h3 Rc8 18. Rac1 fxe5 19. fxe5 Nc4 20. Bxc4 Rxc4
21. c3 Rf8 22. Rhf1 Rxf1 23. Rxf1 Rxd4 24. cxd4 Bb5+ 25. Kf2 Bxf1 26. Kxf1 Kd7
27. Ke2 Kc6 28. Kd3 Kb5 29. Kc3 Ka4 30. h4 h5 31. g3 b5 32. a3 a5 33. Kc2 b4
34. axb4 axb4 0-1

[Event "93rd YMCA Summer-A"]
[Site "Warszawa"]
[Date "2011.08.09"]
[Round "5"]
[White "Liberadzki, Slawomir"]
[Black "Potocki, Karol"]
[Result "0-1"]
[WhiteElo "2063"]
[BlackElo "1919"]
[PlyCount "76"]
[EventDate "2011.07.26"]
[EventType "tourn"]
[EventCountry "POL"]
[SourceDate "2011.07.26"]

1. e4 e6 2. d4 d5 3. e5 c5 4. c3 Qb6 5. Nf3 Nc6 6. a3 Nh6 7. b4 cxd4 8. cxd4
Nf5 9. Bb2 Bd7 10. g4 Nfe7 11. Nc3 h5 12. g5 Ng6 13. Na4 Qd8 14. Nc5 b6 15. Nd3
Nce7 16. Be2 Bb5 17. Nf4 Bxe2 18. Nxe2 h4 19. Rc1 Nf5 20. Qd2 Be7 21. h3 Rc8
22. Rxc8 Qxc8 23. O-O Rh5 24. Kh2 Kd7 25. Rc1 Qb8 26. Nc3 Bd8 27. Qc2 Nxd4 28.
Nxd4 Qxe5+ 29. Kh1 Qxd4 30. Nb5 Qf4 31. Qc8+ Ke7 32. Bxg7 Qf3+ 33. Kh2 Qxf2+
34. Kh1 Qf3+ 35. Kh2 Qg3+ 36. Kh1 Qxh3+ 37. Kg1 Rxg5+ 38. Kf2 Rg2+ 0-1

[Event "93rd YMCA Summer-A"]
[Site "Warszawa"]
[Date "2011.08.30"]
[Round "6"]
[White "Szewczak, Andrzej"]
[Black "Kadzinski, Wieslaw"]
[Result "1-0"]
[WhiteElo "2005"]
[BlackElo "1976"]
[Annotator "M"]
[PlyCount "71"]
[EventDate "2011.07.26"]
[EventType "tourn"]
[EventCountry "POL"]
[SourceDate "2011.07.26"]

1. e4 e5 2. Nf3 Nc6 3. Bc4 Nf6 4. Nc3 Nxe4 5. Nxe4 d5 6. Bd3 dxe4 7. Bxe4 Bd6
8. Qe2 O-O 9. d3 Bg4 10. c3 Kh8 11. h3 Bh5 12. g4 Bg6 13. Bg5 Qd7 14. O-O-O Qe6
15. Kb1 f5 $11 16. gxf5 Bxf5 17. Nh4 Bxe4 18. dxe4 g6 19. Rhg1 Rf7 20. Rg3 Bc5
21. Nf3 b5 22. Rd5 Bd6 23. Qxb5 Rb8 24. Qa4 Ne7 25. Rd2 Rbf8 26. Qd1 Qc4 27.
Rxd6 cxd6 28. Nd2 Qe6 29. Bh6 Rb8 30. Be3 d5 31. Nf3 d4 32. cxd4 Qb6 33. b3 Qb7
34. d5 Qb4 35. Qd3 Qd6 36. Nxe5 1-0

[Event "93rd YMCA Summer-A"]
[Site "Warszawa"]
[Date "2011.08.11"]
[Round "6"]
[White "Potocki, Karol"]
[Black "Rzepecka, Dorota"]
[Result "1/2-1/2"]
[WhiteElo "1919"]
[BlackElo "1897"]
[PlyCount "88"]
[EventDate "2011.07.26"]
[EventType "tourn"]
[EventCountry "POL"]
[SourceDate "2011.07.26"]

1. c4 Nf6 2. Nc3 e5 3. Nf3 d6 4. g3 g6 5. d3 Bg7 6. Bg2 Nc6 7. O-O O-O 8. Bg5
h6 9. Bd2 Re8 10. Ne1 Bf5 11. e4 Bd7 12. Nc2 Kh7 13. b4 Ng8 14. b5 Nd4 15. Be3
f5 16. exf5 Bxf5 17. Bxb7 Rb8 18. Bg2 Qc8 19. Re1 Ne7 20. Rb1 c6 21. a4 d5 22.
Nb4 dxc4 23. Ne4 Bxe4 24. Bxe4 cxb5 25. axb5 c3 26. Bxd4 exd4 27. Qh5 Qd7 28.
Nc6 Rb6 29. Ra1 Qe6 30. Qc5 Nxc6 31. bxc6 Qf7 32. c7 Rb2 33. f4 Qd7 34. Bxg6+
Kxg6 35. Rxe8 Qxe8 36. Ra6+ Bf6 37. Rxf6+ Kxf6 38. Qe5+ Qxe5 39. fxe5+ Kxe5 40.
c8=Q c2 41. Qc5+ Ke6 42. Qc4+ Ke5 43. Qc7+ Kd5 44. Qa5+ Ke6 1/2-1/2